000 00564nam a2200193Ia 4500
008 151121s9999||||xx |||||||||||||| ||und||
082 _a833/सुरि
082 _bHNW-59277
100 _aसुरी जयतिलक
245 _aमलय सुंदरी
260 _bवोहरा प्रकाशन
260 _c--
300 _a222
600 _aसुरी जयतिलक
630 _aमलय सुंदरी
700 _aसुरी जयतिलक
730 _aमलय सुंदरी
942 _cBOOK
999 _c1241062
_d1241059